Kitāb al-takmilah li-Kitāb al-ṣilah /
Main Author:
Other Authors: ,
Format: Book
Language: Arabic
Published:
Majrīṭ :
Maṭbaʻat Rūkhas,
1886-1889.
Series:
Bibliotheca arabico-hispana ;
5-6.
Subjects:
Tags: Add Tag
Call Number: ( RA )PJ7805 .A1 I16 1886 v.1-2
| LEADER | 02100nam a2200325Ia 4500 | ||
|---|---|---|---|
| 003 | OSt | ||
| 005 | 20240611111843.0 | ||
| 008 | 130303m18861889sp 000 0cara d | ||
| 952 | |0 0 |1 0 |2 lcc |3 V.1 |4 0 |7 1 |9 29150 |a ARCE |b ARCE |d 2022-01-25 |l 0 |o ( RA )PJ7805 .A1 I16 1886 v.1-2 |p 1029078 |r 2022-01-25 00:00:00 |w 2022-01-25 |y BK | ||
| 952 | |0 0 |1 0 |2 lcc |3 V.2 |4 0 |7 1 |9 64113 |a ARCE |b ARCE |d 2024-03-06 |l 0 |o ( RA )PJ7805 .A1 I16 1886 v.1-2 |p 1029079 |r 2024-03-06 00:00:00 |w 2024-03-06 |y BK | ||
| 999 | |c 27373 |d 27373 | ||
| 040 | |c ARCE Library | ||
| 043 | |a e-sp--- | ||
| 050 | 4 | |a ( RA )PJ7805 .A1 I16 1886 v.1-2 | |
| 100 | 1 | |6 880-01 |a Ibn al-Abbār, Muḥammad ibn ʻAbd Allāh, |d 1199-1260, |e author | |
| 245 | 1 | 0 | |6 880-02 |a Kitāb al-takmilah li-Kitāb al-ṣilah / |c jamʻ Abī ʻAbd Allāh Muḥammad ibn ʻAbd Allāh ibn Abī Bakr al-Quḍāʻī al-Balansī al-maʻrūf bi-Ibn al-Abbār. |
| 264 | 1 | |a Majrīṭ : |b Maṭbaʻat Rūkhas, |c 1886-1889. | |
| 300 | |a 2 volumes (964, xiv pages) ; |c 23 cm. | ||
| 490 | 1 | |a Bibliotheca arabico-hispana ; |v 5-6. | |
| 650 | 0 | |a Authors, Arab |z Spain |v Biography |v Early works to 1800. | |
| 650 | 0 | |a Muslim scholars |z Spain |v Biography |v Early works to 1800. | |
| 651 | 0 | |a Andalusia (Spain) |v Biography |v Early works to 1800. | |
| 700 | 1 | |a Codera y Zaidín, Francisco, |d 1836-1917. |9 28164 | |
| 700 | 1 | 2 | |a Ibn Bashkuwāl, Khalaf ibn ʻAbd al-Malik, |d 1101-1183. |t Ṣilah. |
| 740 | 0 | 2 | |a Ṣilah. |
| 830 | 0 | |a Bibliotheca arabico-hispana ; |v 5-6. | |
| 880 | 1 | |6 100-01/(3/r |a ابن الأبار، محمد بن عبد الله، |d 1199-1260. | |
| 880 | 1 | 0 | |6 245-02/(3/r |a كتاب التكملة لكتاب الصلة |c جمع أبي عبد الله محمد بن عبد الله بن أبي بكر القضاعي البلنسي المعروف بابن الأبار. |
| 901 | |a reviewed | ||
| 942 | |c BK |2 lcc | ||
